000 00560nam a2200241Ia 4500
003 OSt
005 20220918231438.0
006 a|||||r|||| 00| 0
007 ta
008 220917b |||||||| |||| 00| 0 eng d
024 _a285,115
037 _cTextual
040 _aARTS
_cARTS
_beng
041 _2eng
_aeng
082 _aV2.N7, H6
100 _aIsa
_9154687
245 0 _aIt shall never happen again
260 _c1946
300 _a264p.
_ccm.
650 _aHISTORY
942 _hV2.N7, H6
_cTEXL
_2CC
999 _c291198
_d291198